| 000 | 00718cam a2200205 i 4500 | ||
|---|---|---|---|
| 005 | 20251124094126.0 | ||
| 008 | 250721s1998 ua gr 000 0 ara d | ||
| 020 | _a9775682282 | ||
| 082 | 1 | 4 |
_a211.4 _bس ر ى |
| 100 | 1 |
_aسرى، حسن _eمؤلف. |
|
| 245 | 1 | 2 |
_aالرسم العثماني للمصحف الشريف : _bمدخل و دراسة / _cبقلم حسن سرى. |
| 250 | _aالطبعة الاولى. | ||
| 264 | 3 | 1 |
_aالإسكندرية : _bمركز الإسكندري للكتاب، _c1998. |
| 300 | _a319 صفحة. | ||
| 650 | 1 | 7 | _aالقرآن الكريم. |
| 650 | 1 | 7 | _aالعلوم القرآنية. |
| 650 | 1 | 7 | _aرسم المصاحف. |
| 942 |
_2ddc _cBK |
||
| 999 |
_c40844 _d40844 |
||